01472nam a2200337 a 4500001001200000003000800012006001900020007001500039008004100054010001700095015001900112016001800131020002500149040002100174035002100195050002300216082001700239100001800256245030500274246001900579246003000598260003400628300005200662504005400714533015200768650002300920655002900943710001700972856012600989999001901115ebr10313149CaPaEBRm u cr cn|||||||||071204s2008 stkab sb 000 0 eng  z 2008425214 aGBA8048582bnb7 z0144880802Uk z9781903765883 (hbk.) aCaPaEBRcCaPaEBR a(OCoLC)66693366914aQE754b.T74 2008eb04a560.94112221 aTrewin, N. H.10aFossils alive! or, new walks in an old fieldh[electronic resource] :ba series of ten illustrated time-travel excursions into the geological past, experiencing the faunas and floras, lakes and rivers, geysers and volcanoes that have contributed to the ancient history of Scotland /cNigel H. Trewin.30aFossils alive!30aNew walks in an old field aEdinburgh :bDunedin,cc2008. axvii, 211 p. :bill. (chiefly col.), col. maps. aIncludes bibliographical references (p. 204-205). aElectronic reproduction.bPalo Alto, Calif. :cebrary,d2013.nAvailable via World Wide Web.nAccess may be limited to ebrary affiliated libraries. 0aFossilszScotland. 7aElectronic books.2local2 aebrary, Inc.40uhttp://site.ebrary.com/lib/rucke/Doc?id=10313149zAn electronic book accessible through the World Wide Web; click to view c177219d177219